000 00939nam a2200277 a 4500
001 000036993
003 DO-SdBNP
005 20240305131246.0
007 ta
008 120207s2011 dr ac 000 0 spa d
020 _a978994500491
040 _aDO-SdBNP
_bspa
_cBNPHU
082 4 _a972.93
_bG984m, 2011
_222
100 1 4 _aGutiérrez Félix, Euclides,
_d1936-
_95673
245 1 4 _aLos magnicidios dominicanos /
_cEuclides Gutiérrez Félix.
250 _a2a ed. ampliada, actualizada y corregida
260 _aSanto Domingo :
_bCorripio,
_c2011.
300 _a239 p. :
_bil., retrs. ;
_c23 cm.
500 _aIncluye referencias bibliográficas y notas al pie de las páginas
500 _aIncluye datos biográficos del autor en las solapas
500 _aIncluye índice onomástico
504 _aBibligrafía : p.227-231
590 _aInventariado, 2022/BT
910 _aValidado. Control de calidad MFF
942 _2ddc
_cLBS1
999 _c36483
_d36483